[Geometry Dash] Top 5 Players per Country - Statistics

General Stats
  • This quiz has been taken 32 times
  • The average score is 11 of 50
Answer Stats
Answer % Correct
Zoink
100%
Trick
95%
wPopoff
89%
Netermind
63%
Zeronium
47%
Thnnder
42%
A6
37%
Cursed
37%
Nickname09
32%
ROZE
32%
Whizkid05
32%
Laniakea
26%
Vorten
26%
eastshark
21%
PersonHuman42
21%
Blebae
16%
CuatrocientosYT
16%
cudby
16%
Franzy
16%
Nexel
16%
P1kil
16%
Perrix47
16%
PoCle
16%
Seturan
16%
Slaughter
16%
SnowBallerr
16%
w3rty
16%
Finley
11%
GuillExprex52
11%
Hipo
11%
iamfinley
11%
iIiLaSeRiIi
11%
LAMINGTON
11%
Litoks
11%
manu
11%
MrOozer
11%
PaltaDash
11%
Sid125
11%
Superjavicon
11%
ViperVenom95
11%
zThund3r
11%
coubitic
5%
Draxitlll
5%
Illyes
5%
Samot
5%
weyolll3
5%
emi
0%
matern
0%
Noctal
0%
Trademodius
0%
No matching quizzes found
Score Distribution
Percent of People with Each Score
Percentile by Number Answered
Your Score History
You have not taken this quiz